[Event "2023 National K-12 Grade Championships"]
[Site "Orlando, Florida, United States"]
[Date "2023.12.15"]
[Round "1.23"]
[White "Zhu, Linxi"]
[Black "Park, Riyae"]
[Result "1-0"]
[TimeControl "G/90;d10"]
[WhiteElo "2100"]
[BlackElo "865"]

1. e4 {[%clk 01:30:00]} {[%emt 00:00:02]} e6 {[%clk 01:30:00]} {[%emt
00:00:02]} 2. d4 {[%clk 01:30:00]} {[%emt 00:00:04]} d5 {[%clk 01:30:00]}
{[%emt 00:00:09]} 3. Nc3 {[%clk 01:30:00]} {[%emt 00:00:05]} c5 {[%emt
00:00:34]} 4. exd5 {[%clk 01:29:20]} {[%emt 00:00:49]} exd5 {[%clk 01:29:34]}
{[%emt 00:00:14]} 5. dxc5 {[%clk 01:29:03]} {[%emt 00:00:28]} Be6 {[%clk
01:28:42]} {[%emt 00:01:01]} 6. Be3 {[%clk 01:28:31]} {[%emt 00:00:42]} Nc6
{[%clk 01:27:40]} {[%emt 00:01:12]} 7. Nf3 {[%clk 01:28:08]} {[%emt 00:00:33]}
Nf6 {[%clk 01:27:07]} {[%emt 00:00:43]} 8. h3 {[%clk 01:26:39]} {[%emt
00:01:40]} Be7 {[%clk 01:26:05]} {[%emt 00:01:11]} 9. Bb5 {[%clk 01:26:12]}
{[%emt 00:00:37]} Qc7 {[%clk 01:25:06]} {[%emt 00:01:09]} 10. O-O {[%clk
01:24:43]} {[%emt 00:01:38]} O-O {[%clk 01:22:27]} {[%emt 00:02:50]} 11. a3
{[%clk 01:23:12]} {[%emt 00:01:42]} a6 {[%clk 01:21:07]} {[%emt 00:01:29]} 12.
Bxc6 {[%clk 01:22:20]} {[%emt 00:01:02]} Qxc6 {[%clk 01:19:43]} {[%emt
00:01:33]} 13. b4 {[%clk 01:21:50]} {[%emt 00:00:40]} Rad8 {[%clk 01:18:28]}
{[%emt 00:01:23]} 14. Nd4 {[%clk 01:21:43]} {[%emt 00:00:20]} Qd7 {[%clk
01:16:30]} {[%emt 00:02:09]} 15. Qf3 {[%clk 01:21:02]} {[%emt 00:00:50]} Rfe8
{[%clk 01:13:21]} {[%emt 00:03:19]} 16. Rad1 {[%clk 01:20:33]} {[%emt
00:00:39]} Qc8 {[%clk 01:12:17]} {[%emt 00:01:12]} 17. Na4 {[%clk 01:18:58]}
{[%emt 00:01:47]} Ne4 {[%clk 01:08:35]} {[%emt 00:03:51]} 18. Nb6 {[%clk
01:18:10]} {[%emt 00:00:59]} Qc7 {[%clk 01:07:06]} {[%emt 00:01:39]} 19. c4
{[%clk 01:16:16]} {[%emt 00:02:05]} Qe5 {[%clk 01:03:32]} {[%emt 00:03:42]} 20.
Bf4 {[%clk 01:15:52]} {[%emt 00:00:35]} Qf6 {[%clk 01:01:12]} {[%emt 00:02:30]}
21. cxd5 {[%clk 01:14:34]} {[%emt 00:01:28]} Bxh3 {[%clk 00:56:32]} {[%emt
00:04:49]} 22. gxh3 {[%clk 01:13:40]} {[%emt 00:01:05]} Qg6+ {[%clk 00:55:18]}
{[%emt 00:01:24]} 23. Qg2 {[%clk 01:10:48]} {[%emt 00:03:03]} Qxg2+ {[%emt
00:05:31]} 24. Kxg2 {[%emt 00:00:18]} Nc3 {[%clk 00:48:13]} {[%emt 00:01:31]}
25. Bc7 {[%clk 01:09:11]} {[%emt 00:01:52]} Nxd1 {[%emt 00:00:53]} 26. Rxd1
{[%clk 01:08:36]} {[%emt 00:00:44]} h5 {[%clk 00:44:28]} {[%emt 00:03:12]} 27.
Bxd8 {[%clk 01:08:36]} {[%emt 00:00:04]} Bxd8 {[%clk 00:44:06]} {[%emt
00:00:32]} 28. Nc4 {[%clk 01:08:36]} {[%emt 00:00:05]} Re4 {[%emt 00:01:59]} 29.
Nd6 {[%clk 01:08:04]} {[%emt 00:00:38]} Re5 {[%clk 00:40:55]} {[%emt 00:01:35]}
30. Nf3 {[%clk 01:08:04]} {[%emt 00:00:06]} Re7 {[%clk 00:33:43]} {[%emt
00:07:20]} 31. c6 {[%clk 01:07:19]} {[%emt 00:00:57]} Bc7 {[%clk 00:32:19]}
{[%emt 00:01:34]} 32. Nxb7 {[%clk 01:06:40]} {[%emt 00:00:49]} Bb6 {[%clk
00:30:59]} {[%emt 00:01:28]} 33. d6 {[%clk 01:06:24]} {[%emt 00:00:28]} Re2
{[%clk 00:30:23]} {[%emt 00:00:46]} 34. c7 {[%clk 01:05:47]} {[%emt 00:00:49]}
Rxf2+ {[%clk 00:29:53]} {[%emt 00:00:39]} 35. Kg3 {[%clk 01:05:46]} {[%emt
00:00:10]} Rc2 {[%clk 00:29:08]} {[%emt 00:00:53]} 36. Nc5 {[%clk 01:05:46]}
{[%emt 00:00:10]} g5 {[%clk 00:20:45]} {[%emt 00:08:29]} 37. c8=Q+ {[%clk
01:05:46]} {[%emt 00:00:07]} Kg7 {[%clk 00:20:06]} {[%emt 00:00:48]} 38. Ne6+
{[%clk 01:05:46]} {[%emt 00:00:05]} fxe6 {[%clk 00:18:23]} {[%emt 00:01:53]} 39.
Qxc2 {[%clk 01:05:46]} {[%emt 00:00:04]} 1-0